75th Hunger Games Arena Quiz Stats

Quiz Updated Sep 5, 2013

Challenge
Share
Tweet
Embed
Score 0/8 Timer 03:00
0 Plays Today
Time Attack % Correct
10:00-11:00Giant wave
87.2%
3:00-4:00Vicious monkeys
83.7%
2:00-3:00Poisonous fog
83.1%
1:00-2:00Blood rain
76.4%
12:00-1:00Lightning
76.1%
4:00-5:00Jabberjays
73.4%
11:00-12:00Insects
43.4%
6:00-7:00Beast
32%

You're not logged in!

Compare scores with friends on all Sporcle quizzes.
Join for Free
OR
Log In

You Might Also Like...

Show Comments

Extras

Top Quizzes Today


Score Distribution

Your Account Isn't Verified!

In order to create a playlist on Sporcle, you need to verify the email address you used during registration. Go to your Sporcle Settings to finish the process.

Report this User

Report this user for behavior that violates our Community Guidelines.

Details: